Представление документа в формате MARC21

Поле Инд. ПП Название Значение
Тип записи a
Библиографический уровень m
001 Контрольный номер RU/IS/BASE/212164291
005 Дата корректировки 20140505124611.5
008 Кодируемые данные 061002|||||||||ru |||||||||||000|||rus||
020 a ISBN 5-98035-012-8
c Цена, тираж 75-00
040 b Код языка каталог. rus
e Правила каталог. PSBO
041 0_ a Код языка текста rus
084 a Индекс другой классификации/Индекс ББК 81.2Англ-4
090 a Полочн. индекс 81.2Англ-4
x Авторский знак П 21
100 1_ a Автор Пахотин А.
245 10 a Заглавие Большой англо-русский, русско-английский словарь мнимых друзей переводчика
b Продолж. заглавия справ. пособие
260 a Место издания Москва
b Издательство Карева А. К.
c Дата издания 2006
300 a Объем 303 с.
440 a Серия Живой английский
650 a Основная рубрика Англо-русские словари
650 14 a Основная рубрика Русско-английские словари
653 a Ключевые слова Английский язык
a Ключевые слова Словари
a Ключевые слова Словари англо-русские
a Ключевые слова Словари русско-английские
901 t Тип документа m